[Event "Lasker A 2018"]
[Site "?"]
[Date "2018.07.05"]
[Round "3.3"]
[White "Sanz, Wawer Daniel"]
[Black "Janik, Igor"]
[Result "0-1"]
[WhiteElo "2233"]
[BlackElo "2420"]
[PlyCount "124"]
[EventDate "2018.??.??"]
[WhiteClock "0:44:23"]
[BlackClock "0:00:34"]

1. e4 c5 2. Nc3 Nc6 3. g3 g6 4. Bg2 Bg7 5. d3 d6 6. Be3 Nf6 7. h3 O-O 8. Nge2
Ne8 9. O-O Nc7 10. Qd2 Rb8 11. Bh6 e5 12. Bxg7 Kxg7 13. f4 f6 14. g4 Be6 15. f5
Bg8 16. Nd5 g5 17. h4 h6 18. hxg5 hxg5 19. Kf2 Ne7 20. c4 Bf7 21. Rh1 Ng8 22.
Rh3 Nh6 23. Rah1 Rh8 24. Bf3 Nxd5 25. exd5 e4 26. dxe4 Qe7 27. Qc3 b5 28. cxb5
Rxb5 29. b3 a5 30. Ng3 a4 31. Nh5+ Bxh5 32. Rxh5 Nf7 33. Rxh8 Nxh8 34. Be2 Rb4
35. Bd3 Nf7 36. Bc2 axb3 37. axb3 Rd4 38. Qe3 Qa7 39. Kg3 Qa2 40. Qc3 Qa6 41.
Rd1 Rxd1 42. Bxd1 Qf1 43. Bf3 Qg1+ 44. Bg2 Ne5 45. Qd2 Kh6 46. Qf2 Qxf2+ 47.
Kxf2 Nxg4+ 48. Kg3 Ne5 49. Bf1 Kg7 50. Kf2 Kf8 51. Ke3 Ke7 52. Kd2 Kd8 53. Kc3
Kc7 54. Bg2 Kb6 55. b4 c4 56. Bf1 Kb5 57. Bg2 g4 58. Bf1 g3 59. Bh3 Ng4 60. Kd2
Kxb4 61. Ke1 Ne5 62. Ke2 c3 0-1

[Event "Lasker A 2018"]
[Site "?"]
[Date "2018.07.05"]
[Round "3.4"]
[White "Goluch, Piotr"]
[Black "Aliavdin, Nikolai"]
[Result "1-0"]
[WhiteElo "2332"]
[BlackElo "2338"]
[PlyCount "47"]
[EventDate "2018.??.??"]
[WhiteClock "0:39:07"]
[BlackClock "0:40:11"]

1. d4 d5 2. c4 c6 3. Nf3 Nf6 4. e3 Bf5 5. Nc3 e6 6. Nh4 Bg4 7. f3 Bh5 8. Qb3
Qb6 9. c5 Qc7 10. e4 Be7 11. g3 b6 12. exd5 exd5 13. cxb6 axb6 14. Bh3 Nfd7 15.
Nf5 Bf6 16. Bf4 Qa7 17. Bd6 Kd8 18. O-O Re8 19. Rac1 g6 20. Nh6 Bxd4+ 21. Kh1
g5 22. Nb5 cxb5 23. Qxd5 Be5 24. Rc7 1-0

[Event "Lasker A 2018"]
[Site "?"]
[Date "2018.07.05"]
[Round "3.5"]
[White "Chojnacki, Krzysztof"]
[Black "Bartnicki, Pawel"]
[Result "1-0"]
[WhiteElo "2385"]
[BlackElo "2085"]
[PlyCount "45"]
[EventDate "2018.??.??"]

1. d4 Nf6 2. c4 d6 3. Nc3 e5 4. dxe5 dxe5 5. Qxd8+ Kxd8 6. Nf3 Nfd7 7. g4 f6 8.
b3 Nc5 9. Rg1 a5 10. Be3 Be6 11. O-O-O+ Nbd7 12. g5 c6 13. gxf6 gxf6 14. Rg3
Kc7 15. Bh3 Bxh3 16. Rxh3 Ne6 17. Ne4 a4 18. Kb2 axb3 19. axb3 Ba3+ 20. Kc3 Be7
21. Nh4 Ra2 22. Ng6 Re8 23. Rxh7 1-0

[Event "Lasker A 2018"]
[Site "?"]
[Date "2018.07.05"]
[Round "3.6"]
[White "Lukasiewicz, Anna"]
[Black "Teclaf, Pawel"]
[Result "0-1"]
[WhiteElo "2086"]
[BlackElo "2399"]
[PlyCount "44"]
[EventDate "2018.??.??"]
[WhiteClock "0:34:42"]
[BlackClock "0:37:00"]

1. e4 c5 2. Nf3 d6 3. d4 cxd4 4. Nxd4 Nf6 5. Nc3 a6 6. Be2 e6 7. O-O Be7 8. Be3
O-O 9. Kh1 Qc7 10. f4 b5 11. a3 Bb7 12. Bf3 Nbd7 13. Qe1 Nb6 14. Rd1 Rac8 15.
f5 e5 16. Nde2 Rfd8 17. g4 d5 18. Bxb6 Qxb6 19. exd5 e4 20. Nf4 exf3 21. Qxe7
Re8 22. Qb4 Rc4 0-1

[Event "Lasker A 2018"]
[Site "?"]
[Date "2018.07.05"]
[Round "3.7"]
[White "Pettersson, Alexander"]
[Black "Kucza, Karol"]
[Result "0-1"]
[WhiteElo "2060"]
[BlackElo "2308"]
[PlyCount "48"]
[EventDate "2018.??.??"]
[WhiteClock "0:30:47"]
[BlackClock "0:00:32"]

1. d4 Nf6 2. c4 e6 3. Nf3 d5 4. Nc3 c6 5. Bg5 h6 6. Bxf6 Qxf6 7. Qb3 Nd7 8. e4
dxe4 9. Nxe4 Qf4 10. Bd3 Be7 11. O-O O-O 12. Rad1 e5 13. dxe5 Nxe5 14. Nxe5
Qxe5 15. Rfe1 Qc7 16. Bb1 Bf5 17. Qf3 Bg6 18. a3 Rad8 19. Ba2 Rxd1 20. Qxd1 Rd8
21. Qe2 Qe5 22. h3 Re8 23. b4 Bh4 24. Nc3 Bxf2+ 0-1

[Event "Lasker A 2018"]
[Site "?"]
[Date "2018.07.05"]
[Round "3.8"]
[White "Florstedt, Johannes"]
[Black "Sliwerski, Radoslaw"]
[Result "1-0"]
[WhiteElo "2276"]
[BlackElo "2011"]
[PlyCount "43"]
[EventDate "2018.??.??"]
[WhiteClock "0:40:45"]
[BlackClock "0:36:12"]

1. e4 c5 2. Nf3 d6 3. d4 cxd4 4. Nxd4 Nf6 5. Nc3 a6 6. Bg5 e6 7. f4 Nbd7 8. Qe2
Qc7 9. O-O-O b5 10. a3 Bb7 11. g4 Be7 12. Kb1 Rc8 13. Bh4 Nxe4 14. Nxe4 Bxh4
15. g5 O-O 16. Bg2 d5 17. Nc3 Qxf4 18. Rhf1 Qxg5 19. Nxe6 Rfe8 20. Nxg5 Rxe2
21. Nxe2 Bxg5 22. Bxd5 1-0

[Event "Lasker A 2018"]
[Site "?"]
[Date "2018.07.05"]
[Round "3.9"]
[White "Heberla, Bartlomiej"]
[Black "Chyzy, Jakub"]
[Result "1-0"]
[WhiteElo "2563"]
[BlackElo "2100"]
[PlyCount "91"]
[EventDate "2018.??.??"]
[WhiteClock "0:00:50"]
[BlackClock "0:04:44"]

1. Nf3 d5 2. g3 Nf6 3. Bg2 Bf5 4. O-O e6 5. c4 Be7 6. Qb3 Na6 7. Qxb7 Nb4 8.
Na3 a6 9. cxd5 Be4 10. Ne5 Rb8 11. Qa7 Bxg2 12. Kxg2 O-O 13. Nf3 Qxd5 14. Qd4
Qb7 15. Kg1 Rfd8 16. Qc4 Nbd5 17. b3 Nb6 18. Qc2 Nfd5 19. Qb1 Qc6 20. Bb2 Bf6
21. Bxf6 Nxf6 22. Qc2 Qd6 23. Nc4 Nxc4 24. Qxc4 Rb4 25. Qc2 Rb5 26. Rac1 Nd5
27. d4 Nb4 28. Qb1 Ra5 29. a4 Nc6 30. Qc2 Nxd4 31. Nxd4 Qxd4 32. Rfd1 Qf6 33.
Rxd8+ Qxd8 34. Qxc7 Qxc7 35. Rxc7 Kf8 36. Ra7 h5 37. f4 f6 38. Kf2 g5 39. fxg5
fxg5 40. e4 h4 41. Kf3 hxg3 42. hxg3 Ke8 43. Kg4 Kd8 44. Kh5 Re5 45. Rxa6 Rxe4
46. Rb6 1-0

[Event "Lasker A 2018"]
[Site "?"]
[Date "2018.07.05"]
[Round "3.10"]
[White "Maetzkow, Maximilian Paul"]
[Black "Fantino, Rene"]
[Result "1-0"]
[WhiteElo "2203"]
[BlackElo "2018"]
[PlyCount "52"]
[EventDate "2018.??.??"]
[WhiteClock "0:24:26"]
[BlackClock "0:11:35"]

1. e4 e5 2. Nf3 Nc6 3. Bb5 a6 4. Ba4 b5 5. Bb3 Nf6 6. d3 Bb7 7. O-O d6 8. c3
Be7 9. Nbd2 Na5 10. Bc2 c5 11. Re1 O-O 12. Nf1 Re8 13. Ng3 Bf8 14. Nf5 d5 15.
exd5 Qxd5 16. Bg5 Nh5 17. Ne3 Qc6 18. d4 Nf4 19. dxe5 Nh3+ 20. Kf1 Nxg5 21.
Nxg5 g6 22. Be4 Qc7 23. Bxb7 Qxb7 24. Ng4 Bg7 25. Ne4 Red8 26. Qf3 Qe7 1-0

[Event "Lasker A 2018"]
[Site "?"]
[Date "2018.07.05"]
[Round "3.11"]
[White "Tiarks, Jann-christian"]
[Black "Strassburg, Robin Leonard"]
[Result "1-0"]
[WhiteElo "2179"]
[BlackElo "1726"]
[PlyCount "51"]
[EventDate "2018.??.??"]
[WhiteClock "0:00:49"]
[BlackClock "0:34:54"]

1. e4 g6 2. d4 Bg7 3. Nc3 d6 4. Be3 Nd7 5. Qd2 e5 6. Nge2 exd4 7. Nxd4 h6 8.
O-O-O Ngf6 9. f3 Nb6 10. g4 Bd7 11. Kb1 Qe7 12. Ndb5 Bc6 13. Rg1 Nc8 14. h4 a6
15. Nd4 Nd7 16. h5 g5 17. Nf5 Qf8 18. f4 f6 19. Bc4 Ne7 20. Nd4 Nb6 21. Bb3
Nec8 22. Rge1 Na7 23. Ne6 Qe7 24. Nd5 Nxd5 25. exd5 Bd7 26. Bxa7 1-0

[Event "Lasker A 2018"]
[Site "?"]
[Date "2018.07.05"]
[Round "3.12"]
[White "Matthes, Aaron"]
[Black "Woithe, Daniel"]
[Result "0-1"]
[WhiteElo "1791"]
[BlackElo "1882"]
[PlyCount "113"]
[EventDate "2018.??.??"]
[WhiteClock "0:02:48"]
[BlackClock "0:23:08"]

1. d4 d5 2. c4 e6 3. Nc3 Nf6 4. cxd5 exd5 5. Bg5 c6 6. e3 Be7 7. Bd3 O-O 8. Qc2
Nbd7 9. Nge2 Re8 10. O-O Nf8 11. f3 h6 12. Bh4 Ne6 13. Rad1 Nh5 14. Bf2 b6 15.
e4 Nhf4 16. exd5 Nxd5 17. Nxd5 cxd5 18. Qc6 Rb8 19. Bg3 Bb7 20. Qa4 Ra8 21. Bb5
Rf8 22. Bd7 Ba6 23. Rfe1 b5 24. Bxb5 Bxb5 25. Qxb5 a6 26. Qb7 Bf6 27. Be5 Bxe5
28. dxe5 Rb8 29. Qxd5 Qxd5 30. Rxd5 Rxb2 31. a4 Rc8 32. Kf1 Rcc2 33. Rdd1 Ra2
34. Ra1 Rxe2 35. Rxa2 Rxa2 36. Rb1 Rxa4 37. Rb8+ Kh7 38. Rb7 Kg6 39. g3 Ra2 40.
h4 a5 41. g4 a4 42. h5+ Kh7 43. Rxf7 a3 44. Re7 Ra1+ 45. Kf2 a2 46. Rxe6 Rb1
47. Ra6 a1=Q 48. Rxa1 Rxa1 49. Ke3 Ra4 50. f4 Kg8 51. e6 Kf8 52. Kf3 Ke7 53. f5
Kf6 54. Kg3 Kg5 55. Kf3 Ra3+ 56. Ke4 Kxg4 57. Ke5 0-1

[Event "Lasker A 2018"]
[Site "?"]
[Date "2018.07.05"]
[Round "4.1"]
[White "Janik, Igor"]
[Black "Koziak, Vitali"]
[Result "1-0"]
[WhiteElo "2420"]
[BlackElo "2473"]
[PlyCount "104"]
[EventDate "2018.??.??"]
[WhiteClock "0:00:53"]
[BlackClock "0:23:59"]

1. e4 e5 2. Nf3 Nc6 3. Bc4 Nf6 4. Ng5 d5 5. exd5 Na5 6. Bb5+ c6 7. dxc6 bxc6 8.
Bd3 Nd5 9. Nf3 Bd6 10. O-O O-O 11. Re1 Qc7 12. c4 Nf4 13. Bf1 Bg4 14. h3 Bh5
15. d3 Ne6 16. a3 Rad8 17. b4 Nxc4 18. g4 Bg6 19. dxc4 e4 20. Nfd2 Bh2+ 21. Kh1
Be5 22. Ra2 e3 23. Qe2 exd2 24. Rxd2 Bd4 25. Bb2 Nf4 26. Qf3 Bxb2 27. Rxb2 Nd3
28. Bxd3 Rxd3 29. Re3 Rxe3 30. Qxe3 f5 31. gxf5 Bxf5 32. Nc3 Qf7 33. c5 Re8 34.
Qg3 Qc4 35. Kh2 h6 36. Rd2 Re1 37. Qf3 Bg6 38. Rd6 Bf7 39. Rd8+ Kh7 40. Qd3+
Qxd3 41. Rxd3 Ra1 42. Rd7 Rxa3 43. Rxf7 Rxc3 44. Rxa7 Rb3 45. Rb7 Kg6 46. Kg2
Kf6 47. h4 h5 48. f3 g5 49. Rb6 Kf5 50. hxg5 Kxg5 51. Rxc6 Rxb4 52. Rc8 Rc4 1-0

[Event "Lasker A 2018"]
[Site "?"]
[Date "2018.07.05"]
[Round "4.2"]
[White "Lukasiewicz, Krzysztof"]
[Black "Goluch, Piotr"]
[Result "1/2-1/2"]
[WhiteElo "2247"]
[BlackElo "2332"]
[PlyCount "51"]
[EventDate "2018.??.??"]
[WhiteClock "1:23:41"]
[BlackClock "1:00:43"]

1. e4 c6 2. d4 d5 3. Nc3 dxe4 4. Nxe4 Bf5 5. Ng3 Bg6 6. h4 h6 7. Nf3 e6 8. Ne5
Bh7 9. Bd3 Bxd3 10. Qxd3 Nd7 11. f4 Be7 12. Bd2 Nxe5 13. fxe5 Bxh4 14. O-O-O
Bxg3 15. Qxg3 Ne7 16. Qxg7 Rg8 17. Qh7 Qd5 18. Rhf1 O-O-O 19. Rxf7 Qxa2 20. c3
Nd5 21. Rxb7 Qa1+ 22. Kc2 Qa4+ 23. Kc1 Qa1+ 24. Kc2 Qa4+ 25. Kc1 Nc7 26. Qe4
1/2-1/2

[Event "Lasker A 2018"]
[Site "?"]
[Date "2018.07.05"]
[Round "4.3"]
[White "Kucza, Karol"]
[Black "Bilguun, Sumiya"]
[Result "0-1"]
[WhiteElo "2308"]
[BlackElo "2490"]
[PlyCount "98"]
[EventDate "2018.??.??"]
[WhiteClock "0:04:58"]
[BlackClock "0:00:32"]

1. e4 c5 2. Nf3 a6 3. c3 d5 4. exd5 Qxd5 5. d4 e6 6. Be2 Nf6 7. Bf4 Nc6 8. O-O
cxd4 9. Nxd4 Nxd4 10. cxd4 Qd8 11. Nc3 Bd6 12. Bg5 O-O 13. Bf3 Be7 14. Rc1 Rb8
15. Qd2 b5 16. Rfd1 b4 17. Na4 Ne4 18. Bxe4 Bxg5 19. f4 Bf6 20. Nc5 Rb6 21. Nb3
g6 22. Rc4 Qd6 23. Na5 Bd7 24. Nb7 Qb8 25. Rxb4 Rxb4 26. Qxb4 Qxf4 27. Nc5 Bb5
28. a4 Be2 29. Qd2 Bxd4+ 30. Qxd4 e5 31. Qd2 Bxd1 32. Qxf4 exf4 33. a5 Rb8 34.
Bb7 Bg4 35. b4 Bc8 36. Bxc8 Rxc8 37. Nxa6 Rc1+ 38. Kf2 Rb1 39. Kf3 g5 40. Ke4
Kg7 41. h3 h5 42. h4 Kg6 43. hxg5 Kxg5 44. Kf3 Rb3+ 45. Ke4 h4 46. Ke5 f3 47.
gxf3 h3 48. Nc5 Rxb4 49. Ne4+ Rxe4+ {Kd4} 0-1

[Event "Lasker A 2018"]
[Site "?"]
[Date "2018.07.05"]
[Round "4.4"]
[White "Chojnacki, Krzysztof"]
[Black "Lagunow, Raphael"]
[Result "1-0"]
[WhiteElo "2385"]
[BlackElo "2411"]
[PlyCount "75"]
[EventDate "2018.??.??"]
[WhiteClock "0:08:08"]
[BlackClock "0:27:43"]

1. d4 Nf6 2. c4 e6 3. Nc3 Bb4 4. f3 c5 5. d5 d6 6. e4 b5 7. Nge2 O-O 8. Nf4 Re8
9. cxb5 a6 10. bxa6 g5 11. Nd3 Bxc3+ 12. bxc3 Nxe4 13. fxe4 exd5 14. Be2 dxe4
15. O-O f5 16. Nxc5 dxc5 17. Bc4+ Kh8 18. Qxd8 Rxd8 19. Bxg5 Rf8 20. Be7 Nd7
21. Bxf8 Nxf8 22. Bd5 Rxa6 23. Bxe4 Rf6 24. Bd5 Ng6 25. Rfe1 Kg7 26. Rab1 Nf4
27. Re7+ Kh6 28. Bf3 Ba6 29. a4 Rg6 30. Kf2 Nd3+ 31. Ke3 f4+ 32. Ke4 Kg5 33.
Rxh7 Rd6 34. Rh5+ Kg6 35. a5 c4 36. Rb6 Rxb6 37. axb6 Bb7+ 38. Kd4 1-0

[Event "Lasker A 2018"]
[Site "?"]
[Date "2018.07.05"]
[Round "4.5"]
[White "Teclaf, Pawel"]
[Black "Florstedt, Johannes"]
[Result "0-1"]
[WhiteElo "2399"]
[BlackElo "2276"]
[PlyCount "104"]
[EventDate "2018.??.??"]
[WhiteClock "0:03:09"]
[BlackClock "0:02:01"]

1. e4 e5 2. Nf3 Nc6 3. Bb5 a6 4. Ba4 Nf6 5. O-O Be7 6. Re1 b5 7. Bb3 d6 8. c3
O-O 9. h3 Nb8 10. d4 Nbd7 11. Nbd2 Bb7 12. Bc2 Re8 13. Nf1 Bf8 14. Ng3 g6 15.
a4 c5 16. d5 c4 17. Bg5 Nc5 18. axb5 axb5 19. Rxa8 Bxa8 20. Qd2 Be7 21. Ra1 Bb7
22. Bh6 Nfd7 23. Nh2 Nb6 24. Ng4 Nba4 25. Rf1 Bc8 26. Bb1 Nb3 27. Qe3 Bf8 28.
Bg5 Be7 29. Bh6 Bxg4 30. hxg4 Bf8 31. Bxf8 Rxf8 32. Qh6 Nxb2 33. f4 exf4 34.
Rxf4 f6 35. e5 Nd3 36. exf6 Rf7 37. Bxd3 cxd3 38. Ne4 Qb6+ 39. Kh2 Qe3 40. Qg5
d2 41. Nf2 Nc5 42. Nd1 Qe1 43. Nb2 Na4 44. Rd4 Nxb2 45. Rxd2 Na4 46. Rd3 Qe5+
47. Qxe5 dxe5 48. d6 Rd7 49. g5 Kf7 50. Rd5 Ke6 51. Rxb5 Nxc3 52. Rb8 Ne4 0-1

[Event "Lasker A 2018"]
[Site "?"]
[Date "2018.07.05"]
[Round "4.6"]
[White "Tiarks, Jann-christian"]
[Black "Heberla, Bartlomiej"]
[Result "0-1"]
[WhiteElo "2179"]
[BlackElo "2563"]
[PlyCount "54"]
[EventDate "2018.??.??"]
[WhiteClock "0:17:38"]
[BlackClock "0:37:25"]

1. e4 c5 2. c3 e5 3. d4 cxd4 4. cxd4 exd4 5. Nf3 Nc6 6. Nxd4 Nf6 7. Nxc6 dxc6
8. Qxd8+ Kxd8 9. Bg5 h6 10. Bxf6+ gxf6 11. Bc4 Bb4+ 12. Nd2 Ke7 13. Ke2 Rg8 14.
g3 Rd8 15. Nf3 Bg4 16. Rad1 f5 17. h3 Rxd1 18. Rxd1 Bxh3 19. Ng1 Bg2 20. exf5
Re8 21. Rd3 Bc5 22. Nf3 Kf6+ 23. Kd2 Bxf2 24. Nh4 Bf1 25. Rd6+ Ke7 26. Bxf1
Kxd6 27. f6 Ke5 0-1

[Event "Lasker A 2018"]
[Site "?"]
[Date "2018.07.05"]
[Round "4.7"]
[White "Aliavdin, Nikolai"]
[Black "Maetzkow, Maximilian Paul"]
[Result "1-0"]
[WhiteElo "2338"]
[BlackElo "2203"]
[PlyCount "61"]
[EventDate "2018.??.??"]
[WhiteClock "0:12:34"]
[BlackClock "0:08:14"]

1. e4 c5 2. Nf3 d6 3. d4 cxd4 4. Nxd4 Nf6 5. Nc3 a6 6. Bg5 Nbd7 7. Qe2 g6 8. f4
Qc7 9. O-O-O Bg7 10. Nf3 Nb6 11. e5 dxe5 12. fxe5 Ng4 13. Bf4 Be6 14. Kb1 O-O
15. h3 Nh6 16. g4 Rfd8 17. Bg2 Nc4 18. Rxd8+ Rxd8 19. Rd1 Rc8 20. Nd5 Bxd5 21.
Rxd5 Qb6 22. c3 f6 23. exf6 Qxf6 24. Bc1 Qb6 25. Ka1 Nf7 26. Rd7 e6 27. Nd4
Ncd6 28. Qxe6 Qxd4 29. Rxf7 Nxf7 30. Qxc8+ Qd8 31. Bxb7 1-0

[Event "Lasker A 2018"]
[Site "?"]
[Date "2018.07.05"]
[Round "4.8"]
[White "Bartnicki, Pawel"]
[Black "Sanz, Wawer Daniel"]
[Result "1/2-1/2"]
[WhiteElo "2085"]
[BlackElo "2233"]
[PlyCount "35"]
[EventDate "2018.??.??"]
[WhiteClock "0:59:10"]
[BlackClock "0:34:52"]

1. d4 d5 2. c4 c6 3. cxd5 cxd5 4. Nc3 Nf6 5. Nf3 Nc6 6. Bf4 a6 7. e3 Bg4 8. Be2
e6 9. h3 Bxf3 10. Bxf3 Bd6 11. Bxd6 Qxd6 12. O-O O-O 13. Na4 Nd7 14. Rc1 Rfc8
15. Nc5 b6 16. Nxd7 Qxd7 17. Qd3 Qb7 18. Qd2 1/2-1/2

[Event "Lasker A 2018"]
[Site "?"]
[Date "2018.07.05"]
[Round "4.9"]
[White "Matthes, Benjamin"]
[Black "Lukasiewicz, Anna"]
[Result "0-1"]
[WhiteElo "1750"]
[BlackElo "2086"]
[PlyCount "80"]
[EventDate "2018.??.??"]
[WhiteClock "0:02:27"]
[BlackClock "0:01:17"]

1. e4 c5 2. Nf3 Nc6 3. Bb5 e6 4. Bxc6 bxc6 5. O-O Qc7 6. Re1 e5 7. c3 Nf6 8. d4
cxd4 9. cxd4 d6 10. dxe5 dxe5 11. Qc2 Bb4 12. Bd2 Bxd2 13. Nbxd2 O-O 14. Rac1
Bb7 15. Nc4 Nd7 16. Qc3 Rfe8 17. Na5 Rac8 18. Nd2 Ba8 19. Red1 c5 20. f3 Nf8
21. Ndc4 Re6 22. Ne3 Ra6 23. Nac4 Ng6 24. a3 Nf4 25. Rd2 Re6 26. Rcd1 h6 27.
Kh1 Qe7 28. Nd6 Rf8 29. Ndf5 Qc7 30. Rd7 Qb6 31. Nc4 Qb8 32. g3 Ne2 33. Qd2 Nd4
34. Nxd4 cxd4 35. Qa5 Qb3 36. Rc1 Qxf3+ 37. Kg1 Bxe4 38. Qd2 Qh1+ 39. Kf2 Rf6+
40. Ke2 Qf3+ 0-1

[Event "Lasker A 2018"]
[Site "?"]
[Date "2018.07.05"]
[Round "4.10"]
[White "Woithe, Daniel"]
[Black "Pettersson, Alexander"]
[Result "0-1"]
[WhiteElo "1882"]
[BlackElo "2060"]
[PlyCount "60"]
[EventDate "2018.??.??"]
[WhiteClock "0:00:35"]
[BlackClock "0:00:58"]

1. e4 c6 2. d4 d5 3. e5 c5 4. dxc5 Nc6 5. Nf3 e6 6. a3 Bxc5 7. b4 Bb6 8. Bb2
Nge7 9. Bd3 Ng6 10. O-O Nf4 11. Nbd2 O-O 12. Re1 Bd7 13. Bf1 Rc8 14. g3 Ng6 15.
c4 Nce7 16. h4 Nf5 17. c5 Bc7 18. Rc1 Qe8 19. Bd3 Nge7 20. Ng5 g6 21. Kg2 Bc6
22. Rh1 d4+ 23. Be4 Bxe5 24. h5 Nd5 25. Nc4 Bg7 26. hxg6 fxg6 27. g4 Qe7 28.
Qd2 Nfe3+ 29. fxe3 Qxg5 30. Qe2 Nxe3+ 0-1

[Event "Lasker A 2018"]
[Site "?"]
[Date "2018.07.05"]
[Round "4.11"]
[White "Fantino, Rene"]
[Black "Sliwerski, Radoslaw"]
[Result "0-1"]
[WhiteElo "2018"]
[BlackElo "2011"]
[PlyCount "80"]
[EventDate "2018.??.??"]
[WhiteClock "0:05:11"]
[BlackClock "0:09:04"]

1. Nf3 d5 2. c4 e6 3. g3 Nf6 4. Bg2 dxc4 5. Ne5 Qd4 6. Nf3 Qc5 7. b3 cxb3 8.
axb3 Bd6 9. d4 Qb6 10. O-O c6 11. Nbd2 Qd8 12. e4 Bb4 13. Qc2 O-O 14. e5 Nd5
15. Ne4 h6 16. h4 Nd7 17. h5 f5 18. Ned2 c5 19. Nc4 cxd4 20. Nxd4 N7b6 21. Rd1
Bd7 22. g4 fxg4 23. Nxb6 Qxb6 24. Bxh6 Nf4 25. Bg5 Rac8 26. Qe4 Nxg2 27. Kxg2
Bc6 28. Nxc6 Qxf2+ 29. Kh1 g3 30. Qg2 Rxc6 31. Rf1 Qxg2+ 32. Kxg2 Rc2+ 33. Kxg3
Rc3+ 34. Kg4 Rxf1 35. Rxf1 Rxb3 36. Rd1 Bc5 37. Rd8+ Kh7 38. Rd7 Be3 39. h6
Bxg5 40. hxg7 Be3 0-1

[Event "Lasker A 2018"]
[Site "?"]
[Date "2018.07.05"]
[Round "4.12"]
[White "Chyzy, Jakub"]
[Black "Strassburg, Robin Leonard"]
[Result "1-0"]
[WhiteElo "2100"]
[BlackElo "1726"]
[PlyCount "177"]
[EventDate "2018.??.??"]
[WhiteClock "0:01:49"]
[BlackClock "0:02:04"]

1. e4 d5 2. exd5 Qxd5 3. Nf3 Nf6 4. d4 c6 5. Be2 Bg4 6. c4 Qd8 7. O-O e6 8. Nc3
Be7 9. Be3 O-O 10. h3 Bxf3 11. Bxf3 Re8 12. Qb3 Qc7 13. Rad1 Nbd7 14. Ne4 Nxe4
15. Bxe4 Nf6 16. Bb1 Red8 17. Qc2 g6 18. f4 Bf8 19. g4 Bg7 20. Qf2 Re8 21. b3
b6 22. Bc1 Rad8 23. Bb2 Rd7 24. Rde1 Rdd8 25. Re3 c5 26. Rf3 cxd4 27. f5 exf5
28. gxf5 Ne4 29. Bxe4 Rxe4 30. fxg6 fxg6 31. Bc1 d3 32. Be3 Rxe3 33. Rxe3 Bd4
34. Rd1 Bxe3 35. Qxe3 Qd6 36. Rd2 Kg7 37. a3 Rd7 38. b4 Re7 39. Qxd3 Qe6 40.
Kg2 Rf7 41. c5 bxc5 42. bxc5 Qc6+ 43. Qd5 Qxd5+ 44. Rxd5 Rc7 45. Kf3 Kf6 46.
Ke4 Ke6 47. Re5+ Kf6 48. Kf4 h6 49. h4 Rc6 50. a4 a5 51. Rd5 Ke6 52. Ke4 Ke7
53. Kd4 Rf6 54. Kc4 Rf4+ 55. Kb5 Rxh4 56. Kxa5 Rh5 57. Rxh5 gxh5 58. c6 h4 59.
Kb6 h3 60. c7 h2 61. c8=Q h1=Q 62. Qc7+ Ke6 63. Qc4+ Ke7 64. Qe2+ Kd6 65. Qd2+
Ke7 66. Qe3+ Kd6 67. Qg3+ Ke7 68. Qe5+ Kd7 69. Qb5+ Ke7 70. Qc5+ Ke6 71. Qc4+
Kd6 72. Qd3+ Ke6 73. Qe3+ Kd6 74. Qf4+ Ke6 75. Qg4+ Kf6 76. Qd4+ Kg5 77. Qe5+
Kg4 78. Qe6+ Kg3 79. Qe5+ Kf2 80. Qd4+ Kg3 81. Qe5+ Kf2 82. a5 h5 83. a6 h4 84.
a7 h3 85. Qf6+ Kg3 86. Qg7+ Kh2 87. Qc7+ Kg1 88. Qc1+ Kg2 89. a8=Q+ 1-0

[Event "Lasker A 2018"]
[Site "?"]
[Date "2018.07.05"]
[Round "5.1"]
[White "Goluch, Piotr"]
[Black "Janik, Igor"]
[Result "1/2-1/2"]
[WhiteElo "2332"]
[BlackElo "2420"]
[PlyCount "30"]
[EventDate "2018.??.??"]
[WhiteClock "1:25:32"]
[BlackClock "1:19:12"]

1. d4 d6 2. Nf3 g6 3. c4 Bg7 4. Nc3 Nf6 5. g3 O-O 6. Bg2 c6 7. O-O Bf5 8. b3
Ne4 9. Bb2 Nxc3 10. Bxc3 Be4 11. Qd2 d5 12. Rac1 e6 13. Ba5 b6 14. Bb4 Re8 15.
Rfd1 Na6 1/2-1/2

[Event "Lasker A 2018"]
[Site "?"]
[Date "2018.07.05"]
[Round "5.2"]
[White "Bilguun, Sumiya"]
[Black "Chojnacki, Krzysztof"]
[Result "1-0"]
[WhiteElo "2490"]
[BlackElo "2385"]
[PlyCount "69"]
[EventDate "2018.??.??"]
[WhiteClock "0:13:34"]
[BlackClock "0:08:45"]

1. e4 d6 2. d4 Nf6 3. Nc3 g6 4. Be3 Bg7 5. h3 O-O 6. g4 Nc6 7. Nge2 e5 8. d5
Ne7 9. Ng3 c6 10. Qd2 cxd5 11. exd5 Qa5 12. O-O-O Bd7 13. Bh6 Rfc8 14. Bxg7
Kxg7 15. g5 Ne8 16. h4 b5 17. Kb1 Nf5 18. Bh3 Nxg3 19. fxg3 Bxh3 20. Rxh3 b4
21. Ne2 Rc4 22. h5 Rac8 23. hxg6 hxg6 24. Rdh1 Kf8 25. Nf4 Rxc2 26. Nxg6+ fxg6
27. Qd3 Ke7 28. Rh8 Rc1+ 29. Rxc1 Rxc1+ 30. Kxc1 Qxa2 31. Rh7+ Kd8 32. Qb5 Qa1+
33. Kc2 b3+ 34. Kxb3 Qd1+ 35. Ka2 1-0

[Event "Lasker A 2018"]
[Site "?"]
[Date "2018.07.05"]
[Round "5.3"]
[White "Koziak, Vitali"]
[Black "Lukasiewicz, Krzysztof"]
[Result "1-0"]
[WhiteElo "2473"]
[BlackElo "2247"]
[PlyCount "81"]
[EventDate "2018.??.??"]
[WhiteClock "0:03:56"]
[BlackClock "0:03:26"]

1. d4 Nf6 2. c4 e6 3. Nf3 d5 4. Nc3 Be7 5. Bg5 h6 6. Bxf6 Bxf6 7. e3 O-O 8. Qd2
c6 9. O-O-O Nd7 10. h4 Be7 11. g4 dxc4 12. Bxc4 Nb6 13. Bb3 Nd5 14. g5 h5 15.
Ne5 g6 16. f4 Qa5 17. Qd3 Kg7 18. Kb1 Nxc3+ 19. bxc3 Qb6 20. Ka1 c5 21. Bc2 Rg8
22. c4 cxd4 23. exd4 Qc7 24. Rhe1 Bb4 25. Re3 Kf8 26. c5 b6 27. a3 Ba5 28. c6
Qd6 29. d5 exd5 30. Qxd5 Qxd5 31. Rxd5 Be6 32. Rd6 Kg7 33. Bxg6 Rad8 34. Rxd8
Rxd8 35. f5 fxg6 36. fxe6 b5 37. Nd7 Bd2 38. e7 Re8 39. Nf6 Bxe3 40. Nxe8+ Kf7
41. c7 1-0

[Event "Lasker A 2018"]
[Site "?"]
[Date "2018.07.05"]
[Round "5.4"]
[White "Florstedt, Johannes"]
[Black "Aliavdin, Nikolai"]
[Result "1-0"]
[WhiteElo "2276"]
[BlackElo "2338"]
[PlyCount "93"]
[EventDate "2018.??.??"]
[WhiteClock "0:07:28"]
[BlackClock "0:05:47"]

1. e4 c5 2. Nf3 d6 3. d4 cxd4 4. Nxd4 Nf6 5. Nc3 a6 6. Bg5 e6 7. f4 Be7 8. Qf3
h6 9. Bh4 Qc7 10. O-O-O Nbd7 11. Be2 Rg8 12. f5 e5 13. Nb3 b5 14. a3 Bb7 15.
Kb1 Rc8 16. Rc1 Nb6 17. Bxf6 Bxf6 18. h4 Bd8 19. g4 Nc4 20. Rh3 Qb6 21. Nd5
Bxd5 22. exd5 a5 23. f6 g6 24. Rd1 a4 25. Nd2 Nxd2+ 26. Rxd2 b4 27. Qf1 Rb8 28.
axb4 Qxb4 29. c3 Qc5 30. g5 hxg5 31. hxg5 Ba5 32. Ka2 Kd8 33. Bd1 Ra8 34. Rh4
a3 35. b4 Qe3 36. Rc2 Bc7 37. Qc4 Rb8 38. Bg4 Rb6 39. Rh7 Rf8 40. Be6 Qxg5 41.
Bxf7 Qf4 42. Qxf4 exf4 43. Be6 Rxf6 44. Rd7+ Kc8 45. Rf7+ Rxe6 46. dxe6 d5 47.
Rf8+ 1-0

[Event "Lasker A 2018"]
[Site "?"]
[Date "2018.07.05"]
[Round "5.5"]
[White "Heberla, Bartlomiej"]
[Black "Lagunow, Raphael"]
[Result "1-0"]
[WhiteElo "2563"]
[BlackElo "2411"]
[PlyCount "103"]
[EventDate "2018.??.??"]
[WhiteClock "0:01:27"]
[BlackClock "0:02:56"]

1. e4 c5 2. Nf3 Nc6 3. d4 cxd4 4. Nxd4 Nf6 5. Nc3 e5 6. Ndb5 d6 7. Bg5 a6 8.
Na3 b5 9. Nd5 Be7 10. Bxf6 Bxf6 11. c4 b4 12. Nc2 a5 13. g3 O-O 14. Bg2 Bg5 15.
h4 Bh6 16. O-O Ne7 17. Nce3 Bxe3 18. Nxe3 Be6 19. Qd3 Qc7 20. Rad1 Rfd8 21. Rd2
Rac8 22. b3 Qc5 23. Nf5 Rc7 24. Qf3 Kf8 25. Rfd1 Rcd7 26. Bh3 Ng8 27. Kh2 Nf6
28. h5 Qc6 29. Nxg7 Kxg7 30. h6+ Kg6 31. Bf5+ Kg5 32. Kg2 Qb6 33. Rh1 Rg8 34.
Rh4 Rdd8 35. Kh3 Nxe4 36. Bxe6 fxe6 37. Qxe4 Kf6 38. Qxh7 Qc6 39. Kh2 Rg6 40.
Qa7 Rh8 41. Qe3 Rh7 42. Kg1 a4 43. bxa4 Rh8 44. a5 Qa4 45. Rxd6 Qxa2 46. Rd7
Qb1+ 47. Kg2 Qf5 48. Qc5 Re8 49. h7 e4 50. h8=Q+ Rxh8 51. Qe7+ Ke5 52. Rd5# {
Kxd5} 1-0